000 01061nam a22002777a 4500
005 20121218113918.0
008 121218t xxu||||| |||| 00| 0 eng d
010 _aENG-106381
020 _a9789380607108
_c995.00
035 _aEN-89914
037 _bDBAD/PUB
040 _aDPL
_bENG
082 _a954
245 0 0 _aNarratives from the margins :
_baspects of adivasi history in India /
_cedited by Sanjukta Das Gupta [and] Raj Sekhar Basu
260 _aNew Delhi
_bPrimus Books
_c2012
270 _aVirat Bhavan, Mukherjee Nagar Commercial Complex
_bDelhi
_e110009
300 _axiii, 298 p. :
_bill.
_c25cm(Hb)
500 _aIncludes bibliographical references (p. 275-289) and index.
520 _aContributed articles.
650 0 _aAdivasis
_zIndia
_xHistory.
_954389
700 1 _aDas Gupta, Sanjukta
_954390
700 1 _aBasu, Raj Sekhar
_954391
942 _2ddc
_cEN
_h954
_mNAR
999 _c72242
_d72242